000 01060nam0a22002531 4500
001 rc\4113416
005 20250611095014.0
021 _aRU
_b[55-22747]
035 _a(NLR Aleph) 008147248
090 _a9522738
_c9522738
100 _a20130415d1955 |||y0rusy50 ca
101 0 _arus
102 _aRU
105 _ay z |||||
200 1 _aРазвитие библиотечного дела в Чехословакии
_eЛекция для студентов библ. ин-тов по курсу "История библ. дела"
_fМ-во культуры РСФСР. Моск. гос. библ. ин-т им. В.М. Молотова
210 _aМосква
_cГоскультпросветиздат
_d1955
215 _a40 с.
_d22
606 _aБиблиотечное дело в Чехословацкой Республике
_xИстория
_2psbo
700 1 _aРатькова
_bЕ.В.
_gЕлена Васильевна
801 0 _aRU
_bNLR
_gpsbo
801 1 _aRU
_bELAR
_2rusmarc
852 _aNLR
_jБ 3075/Р257
942 _cBOOK
980 _aNB